000 00237nam a22001097a 4500
100 _aAmarchitra katha
245 _aAladdin : graphic novel
250 _a2013
260 _bAmar chitre kaths pvt. Ltd.
300 _a48
942 _2ddc
_cBK
999 _c12835
_d12835